| 000 | 00581nam a2200169 4500 | ||
|---|---|---|---|
| 008 | 070814s1994 tnu b 000 0 eng | ||
| 020 | _a0805410732 :USD15.99 | ||
| 090 |
_aBV4400 _bW32c |
||
| 100 | 1 |
_aWatkins, Derrel R., _d1935- |
|
| 245 | 1 | 0 |
_aChristian social ministry : _ban introduction / _cDerrel R. Watkins. |
| 260 |
_aNashville, TN : _bBroadman & Holman, _cc1994. |
||
| 300 |
_axiv, 177 p. ; _c23 cm. |
||
| 504 | _aIncludes bibliographical references. | ||
| 650 | 4 | _aChurch work. | |
| 951 |
_p17019 _x00017789 _oBV4400/W32c _j070814115148796 _d2000-12-21 _cGC |
||
| 999 |
_c29873 _d29873 |
||